| 000 | 00855nam a2200277 a 4500 | ||
|---|---|---|---|
| 001 | 36393 | ||
| 003 | BD-RjUL | ||
| 005 | 20211209052500.0 | ||
| 008 | 140622r19681967nyu 001 0 eng | ||
| 035 | _a(BD-RjUL)36490 | ||
| 040 |
_aIAI _cIAI _dm.c _dBD-RjUL _beng |
||
| 041 | _aeng | ||
| 082 | 0 | 4 |
_a320.5 _bLAP 1968 |
| 090 |
_aHM271 _b.L2 1967 |
||
| 100 | 1 |
_aLane, Robert Edwards. _9102001 |
|
| 245 | 1 | 0 |
_aPolitical ideology : _bwhy the American common man believes what he does / _cRobert E. Lane |
| 260 |
_aNew York : _bFree Press, _cc1962 [printing 1968] |
||
| 300 |
_axi, 509 p. ; _c21 cm |
||
| 490 | 0 | _aFree Press paperback | |
| 504 | _aIncludes bibliographical references and index | ||
| 650 | 0 |
_aIdeology _9110739 |
|
| 650 | 0 |
_aIdeologyDemocracy _9273 |
|
| 650 | 0 |
_aLiberty _9110740 |
|
| 830 | 1 |
_aFree Press paperback _9110773 |
|
| 942 |
_2ddc _cBK |
||
| 999 |
_c36393 _d36393 |
||